Statistiche per Parole Tedesche nella lingua italiana

Clicka qui per fare il quiz!

Statistiche generali

  • Questo quiz è stato fatto 920 volte
  • Il punteggio medio è 8 su 18

Statistiche sulle risposte

DefinizioniParole% Corretto
Titolo onorifico che significa "guida" (pensa ad Hitler)Fuhrer
72%
Impero, regno, stato
Reich
70%
Insaccati parzialmente bolliti e affumicati tipici della GermaniaWurstel
69%
Tipico pane a forma di anello con le estremità annodateBretzel
68%
Contorno tipico della cucina tedesca, ottenuto dal cavolo fermentatoCrauti
67%
Imperatore; deriva da Giulio CesareKaiser
60%
Miscela di cereali e frutta secca per la prima colazioneMusli
58%
Letteralmente, guerra fulmineaBlitzkrieg
57%
Il doppio o il sosia di una personaDoppelganger
47%
Segno dei due puntini messi sulla a, o, uUmlaut
44%
Razza di cane principalmente da guardia e difesa personale.Rottweiler
41%
Tipo di fantasma malizioso e rumorosoPoltergeist
31%
Tipo di motore ad accensione per compressioneDiesel
30%
Presunti oggetti artistici, in realtà banali e di pessimo gustoKitsch
28%
Territorio circostante una grande cittàHinterland
23%
Una politica basata sul pragmatismo, non sull'idealismoRealpolitik
21%
Fortificazione militare difensiva
Bunker
19%
Strumento musicale simile a uno xilofonoGlockenspiel
19%

Distribuzione punteggi

Percentile per numero di risposta

Percentuale di utenti per punteggio

I tuoi punteggi nel tempo

Non hai fatto questo quiz